000 00702nam a22002297a 4500
003 DO-SdBNP
005 20260211141654.0
007 ta
008 221101b2022 dr ||||| |||| 00| 0 spa d
020 _a9789945809978
040 _aDO-SdBNP
_bspa
_cBNPHU
082 4 _222
100 _926400
_aPeralta, Ramón
245 1 0 _aConfesiones prohibidas de amor & política /
_cRamón Peralta ; prólogo Rafael Castillo
260 _aSanto Domingo :
_bGráfica F&S,
_c2022.
300 _a172 p. ;
_c22 cm.
500 _aIncluye datos biográficos del sutor en la contracubierta
590 _aInventariado, 2022/BT
700 1 _aCastillo, Rafael,
_epról.
_925518
910 _aBtavárez
942 _2ddc
_cLBS1
999 _c52720
_d52720